Hydrometalurgické získavanie striebra z použitých rtg snímkov

Enregistré dans:
Détails bibliographiques
Auteur principal: Bíliková, Veronika (Auteur)
Autres auteurs: Wachter, Igor (Directeur de thèse)
Format: Manuscrit Livre
Langue:slovaque
Publié: 2021
Sujets:
Accès en ligne:http://is.stuba.sk/zp/portal_zp.pl?podrobnosti=166323
Tags: Ajouter un tag
Pas de tags, Soyez le premier à ajouter un tag!

MARC

LEADER 00000ntm a22000003a 4500
001 stuzp84324
003 SK-STU
005 20210703212609.7
007 ta
008 150427s2015----xo-----f-mn---000-0-slo-d
040 |a STU  |b slo 
041 0 |a slo 
100 1 |a Bíliková, Veronika  |u 065000  |k Z4  |4 aut  |U MTF Materiálovotechnologická fakulta  |T MTF Ústav integrovanej bezpečnosti  |X 85508  |U M5000  |Y 85  |7 85508 
242 0 1 |a Hydrometallurgical extraction of silver from used x-rays  |y eng 
245 1 0 |a Hydrometalurgické získavanie striebra z použitých rtg snímkov 
260 |c 2021 
650 4 |a elektroodpad  |2 slo 
650 4 |a recyklácia  |2 slo 
650 4 |a hydrometalurgia  |2 slo 
650 4 |a RTG snímky  |2 slo 
650 4 |a electrical waste  |2 eng 
650 4 |a recycling  |2 eng 
650 4 |a X-ray  |2 eng 
650 4 |a hydrometallurgy  |2 eng 
700 1 |a Wachter, Igor  |u 065000  |k Z2  |4 ths  |U MTF Materiálovotechnologická fakulta  |T MTF Ústav integrovanej bezpečnosti  |X 66051  |U M5000  |Y 85  |7 A000066051 
856 4 |u http://is.stuba.sk/zp/portal_zp.pl?podrobnosti=166323 
996 |c M* BP-9037  |l MMSKP  |s P  |a 0  |w stuzp84324_0001